| 000 | 01011nam a2200325 i 4500 | ||
|---|---|---|---|
| 003 | EG-GICUC | ||
| 005 | 20260208101027.0 | ||
| 008 | 260208s1985 be ||||fr ||| 00| 0 fre d | ||
| 017 | _a1985/0023/9 | ||
| 020 | _a2802703331 | ||
| 040 |
_aEG-GICUC _cEG-GICUC _dEG-GICUC _erda _bara |
||
| 041 | 0 | _afre | |
| 082 | 0 | 4 |
_221 _a341.81 _bVE . T |
| 092 | 0 | 4 | _221 |
| 099 | _aLaw1 12 341.81 VE . T 1985 | ||
| 100 | 1 |
_aVerwilghen,Michel _eAuteur |
|
| 245 |
_aTraité Pratique Des Régimes Matrimoniaux . _nTome II . _pDroit International / _cMichel Verwilghen . |
||
| 264 | 0 |
_aBruxelles : _bBruylant , _c1985 . |
|
| 300 |
_a130 Pages; _c30 cm. |
||
| 336 |
_atext _2rda content |
||
| 337 |
_aComputer _2rda media |
||
| 338 |
_aOnline Resource _2rda carrier |
||
| 546 | _aTexte en français | ||
| 650 | 0 | 4 | _aDroit International Privé |
| 650 | 0 | 4 | _aNationalité |
| 700 | 1 |
_aEynde,Pierre Van Den _eAuteur |
|
| 856 | _uhttps://fll.law.cu.edu.eg/fulltext/th/B12-02299.pdf | ||
| 905 | _a59 | ||
| 942 |
_2ddc _cBK _e21 _n0 |
||
| 999 |
_c61504 _d61504 |
||